Buk ako priemyselná surovina referáty prednesené na medzinárodnej konferencii o priemyselnom spracovaní buka, konanej roku 1957 na Sliači
| Format: | Book |
|---|---|
| Language: | Slovak Czech German Russian |
| PhysicalDescription: | 618 strán fotografie, grafy, tabuľky 25 cm |
| Published: |
Bratislava
Vydavateľstvo Slovenskej akadémie vied
1960
|
| Subjects: |
MARC
| LEADER | 00000cam a2200000 a 4500 | ||
|---|---|---|---|
| 001 | vtls008319715 | ||
| 003 | SK-MaSNL | ||
| 005 | 20260302060704.0 | ||
| 008 | 251001s1960 xo odl grn 000 0 slo | ||
| 015 | |a SNBA1960/05-00686 | ||
| 020 | |q (viazané) | ||
| 035 | |a SK01SNK19600011932 | ||
| 035 | |a urn:nbn:sk:snk-am3ijvo | ||
| 035 | |a 19A69AE1-1684-466C-80EE-C319DB6DD8DE | ||
| 035 | |a urn:nbn:sk:snk-am00emlm | ||
| 035 | |a SKM000014395 | ||
| 040 | |a SNK |b slo |c SNK |e AACR2 | ||
| 041 | 0 | |a slo |a cze |a ger |a rus |b ger |b rus | |
| 044 | |a xo |c SK |a xr |c CZ | ||
| 072 | 7 | |a 674 |x Drevo. Drevársky priemysel |2 konspekt | |
| 080 | |a 674 |2 2011 | ||
| 080 | |a (082) |2 2011 | ||
| 080 | |a 582.623 |2 2011 | ||
| 080 | |a 674.02 |2 2011 | ||
| 080 | |a (047) |2 2011 | ||
| 245 | 0 | 0 | |a Buk ako priemyselná surovina |b referáty prednesené na medzinárodnej konferencii o priemyselnom spracovaní buka, konanej roku 1957 na Sliači |c vedecký redaktor František Kozmál |
| 260 | |a Bratislava |b Vydavateľstvo Slovenskej akadémie vied |c 1960 |e Brno |f Tisk | ||
| 300 | |a 618 strán |b fotografie, grafy, tabuľky |c 25 cm | ||
| 366 | |e 1150 kusov | ||
| 504 | |a Obsahuje bibliografiu | ||
| 546 | |a Čiastočný text v češtine, nemčine a ruštine ; súbežný obsah v nemčine a ruštine ; nemecké a ruské resumé | ||
| 650 | 0 | 7 | |a drevospracujúci priemysel |2 SNKPH |9 1118 |
| 650 | 0 | 7 | |a spracovanie dreva |2 SNKPH |9 3561 |
| 650 | 0 | 7 | |a bukovité |2 SNKPH |9 50753 |
| 655 | 7 | |a zborníky |2 SNKPH |9 70165 | |
| 655 | 7 | |a referáty |2 SNKPH |9 70611 | |
| 700 | 1 | |a Kozmál, František, |d 1901-1970 |4 red |9 37302 | |
| 852 | |a Slovenská národná knižnica | ||
| 958 | |a EUIPO | ||
| 958 | |a TL | ||
| 958 | |a RK | ||
| 958 | |a NB | ||
| 958 | |a RU | ||
| 958 | |a DE | ||
| 958 | |a OND | ||
| 999 | |c 1122191 |d 1124121 | ||
| 952 | |a SNK |b SNK |y VYP |7 0 |p 17A1345207 |o snkSC 14120 D1 |i snkKSP 1411/60 |0 0 |1 0 |4 0 |d 2020-06-02 |l 0 |r 2026-02-24 18:35:13 |w 2026-02-24 | ||
| 952 | |a SNK |b SNK |y PREZ |7 0 |p 17A0847024 |o snkSC 14120 |i snkKSP 1410/60 |z pošk. str. č. 427-428 |0 0 |1 0 |4 0 |d 2020-03-05 |f 1 |l 0 |r 2025-07-16 00:00:00 |w 2026-02-24 | ||


